000 01148nam0a22003011 4500
001 RU\NLR\INFOCOMM_21\5000106559
005 20250613101333.0
035 _a(NLR Aleph) 009375399
090 _a7948841
_c7948841
100 _a20110119d1981 |||y0rusy50 ca
101 0 _aeng
102 _aRU
105 _aa ||||000|y
200 1 _aBarren ground
_e[A novel]
_fBy Ellen Glasgow
_g[Предисл. М. П. Тугушевой
_gКоммент. М. В. Лагуновой
_gХудож. П. В. Иващенко]
210 _aM.
_cProgress
_d1981
215 _a381 с.
_cил.
_d21 см
300 _aВ вып. дан.: Бесплодная земля / Эллен Глазгоу
300 _aПредисл. и коммент. на рус. яз.
686 _aШ143.21-93рус.91
_2rubbk
686 _aШ6(7США)61-440.4
_2rubbk
700 1 _9z03790
_9z04790
_aGlasgow
_bE. A. G.
_f1874-1945
_gEllen Anderson Gholson
_4070
790 1 _9z03700
_aГлазгоу
_bЭ.
_gЭллен
_4070
790 1 _9z04700
_aGlasgow
_bE.
_gEllen
_4070
801 1 _aRU
_bNLR
_c20110119
801 0 _aRU
_bNLR
_gPSBO
852 _aNLR
_jЛ61 Д-3/8887
942 _cBOOK
980 _aNB